000
00279 a2200121 4500
000
nam a22 7a 4500
005
20260207105747.0
020
_a
9789357755108
100
_a
Meera Kant
_9
1114339
245
_a
Kali Barf
260
_b
Bharatiya Jnanpith
_c
2024
942
_c
TEXL
999
_c
1678883
_d
1678883